Tennessee Valley Authority : hearings before the United States House Committee on Military Affairs, Seventy-Sixth Congress, third session, on Jan. 23-26, 31, Feb. 1, 2, 7, 14, 20, 1940.

Considers legislation to amend Tennessee Valley Authority Act.

Bibliographic Details
Corporate Authors: United States. Congress. House. Committee on Military Affairs, ProQuest (Firm)
Format: Government Document eBook
Language:English
Published: Washington : U.S. G.P.O., 1940.
Series:U.S. Congressional Hearings.
Subjects:
Online Access:Connect to the full text of this electronic book

MARC

Tag First Indicator Second Indicator Subfields
LEADER 00000cam a22000001a 4500
001 in00003168607
005 20190403204115.0
006 m d f
007 cr bn mmmapmmp
008 090617s1940 dcu o f000 0 eng d
035 |a cis2007413971 
040 |a UMI  |c UMI  |d UtOrBLW 
043 |a n-us--- 
086 0 |a Y 4.M 59/1:T 25/2/940 
099 |a HRG-1940-MAH-0003 
110 1 |a United States.  |b Congress.  |b House.  |b Committee on Military Affairs. 
245 1 0 |a Tennessee Valley Authority :  |b hearings before the United States House Committee on Military Affairs, Seventy-Sixth Congress, third session, on Jan. 23-26, 31, Feb. 1, 2, 7, 14, 20, 1940. 
264 1 |a Washington :  |b U.S. G.P.O.,  |c 1940. 
300 |a 1 online resource. 
336 |a text  |b txt  |2 rdacontent 
337 |a computer  |b c  |2 rdamedia 
338 |a online resource  |b cr  |2 rdacarrier 
500 |a Record is based on bibliographic data in ProQuest Congressional Hearings Digital Collection. Reuse except for individual research requires license from ProQuest, LLC. 
520 |a Considers legislation to amend Tennessee Valley Authority Act. 
520 |a Considers (76) H.R. 5069, (76) H.R. 5022, (76) H.R. 2993, (76) H.R. 7424, (76) H.R. 5068, (76) H.R. 3822, (76) H.R. 2741, (76) H.R. 4640, (76) H.R. 4094. 
538 |a System requirements: PDF reader software. 
500 |a Electronic resource. 
610 2 0 |a Tennessee Valley Authority. 
650 0 |a Public works  |x Law and legislation  |z United States. 
655 7 |a Electronic books.  |2 local 
710 2 |a ProQuest (Firm) 
776 0 8 |i Print version:  |a United States. Congress. House. Committee on Military Affairs.  |t Tennessee Valley Authority 
776 0 8 |i Microfiche version:  |a United States. Congress. House. Committee on Military Affairs.  |t Tennessee Valley Authority.  |d [Bethesda, Md.] : ProQuest,[2004]  |o CIS Hrgs MF Gp 3--(76) H878-12  |w (ProQuest)cis10402417 
830 0 |a U.S. Congressional Hearings. 
856 4 0 |u http://proxy.library.tamu.edu/login?url=http://congressional.proquest.com/congcomp/getdoc?HEARING-ID=HRG-1940-MAH-0003  |z Connect to the full text of this electronic book  |t 0 
998 |a cis10402417 
999 |a MARS 
999 f f |s 4ab7dad4-1002-3f2d-9596-7ef6be87b51a  |i e7c2698e-7644-33d3-9a23-a7c83e3eb519  |t 0 
952 f f |a Texas A&M University  |b College Station  |c Electronic Resources  |d Available Online  |t 0  |e HRG-1940-MAH-0003  |h Other scheme 
998 f f |a HRG-1940-MAH-0003  |t 0  |l Available Online